00990nam a2200229Ia 4500003000900000008004100009020002200050040001600072080002000088111008600108245019300194260005100387300001500438490005800453650003000511650002800541700003500569700003500604942000700639999001700646952009700663IN-BaIIA211028s9999 xx 000 0 eng d a978-81-922926-4-9 cIIA Library a082.2:52bASI-6 aInternational Workshop on Stellar Spectral LibrariescDelhid2011 Dec. 5-9935925 0aInternational workshop on stellar spectral librariesbproceedings of workshop held in University of Delhi, Delhi, India, December 5-9, 20cedited by Philippe Prugniel and Harinder P. Singh aBangalorebAstronomical Society of Indiac2012 axii, 273p. aAstronomical society of India conference series; v. 6 aSpectral libraries935926 aStellar spectrum935927 aPrugniel, Philippe, ed.935928 aSingh, Harinder P., ed.935929 cBK c18778d18778 00104070aBANbBANcGENd2013-08-23l0o082.2:52/ ASI-6p19700r2021-11-05w2013-08-23yBK